| 000 | 00888nac a22002777a 4500 | ||
|---|---|---|---|
| 001 | BR0602059 | ||
| 003 | BR-BrBNA | ||
| 005 | 20240105123318.0 | ||
| 008 | 230509b bl.|||m| |||| 00| 0 por d | ||
| 040 |
_aBR-BrBNA _bpor _cBiblioteca Nacional de Agricultura |
||
| 072 | _aH60 | ||
| 090 | _a3575 BR0602059 | ||
| 100 | 1 | _aFowler, J.A.P. | |
| 100 | 1 | _aCarpanezzi, A.A. | |
| 110 | 1 | _aCentro Nacional de Pesquisa de Florestas, Colombo, PR (Brasil) | |
| 245 | 1 | _aQuebra da dormência tegumentar de sementes de fedegoso | |
| 260 | 3 |
_aColombo, PR (Brasil): _c1997. |
|
| 300 | _a2 p. | ||
| 490 |
_aComunicado Técnico - Centro Nacional de Pesquisa de Florestas (Brazil) _vno. 15 _xISSN 0104-5911 |
||
| 650 | _aFEDEGOSO | ||
| 650 | _aSEMENTE | ||
| 650 | _aQUEBRA DA DORMÊNCIA | ||
| 650 | _aGERMINAÇÃO | ||
| 909 |
_a202312 _bLúcia Elande _c55 _dLúcia Elande |
||
| 942 |
_2AGRIS _n0 _cMS |
||
| 999 |
_c294905 _d294905 |
||